Grammy Records of the Year - Statistics

General Stats
  • This quiz has been taken 51,177 times
    11,802 since last reset
  • The average score is 22 of 57
Answer Stats
Year Song Musical Act % Correct
2012, 2017 Rolling in the Deep; Hello Adele
95%
2018 24K Magic Bruno Mars
89%
2022 Leave the Door Open Silk Sonic
89%
1984 Beat It Michael Jackson
86%
2020, 2021 Bad Guy; Everything I Wanted Billie Eilish
82%
1999 My Heart Will Go On Celine Dion
79%
2024 Flowers Miley Cyrus
79%
1994 I Will Always Love You Whitney Houston
75%
2008 Rehab Amy Winehouse
74%
1978 Hotel California Eagles
73%
2014 Get Lucky Daft Punk
67%
2013 Somebody That I Used to Know Gotye
67%
2006 Boulevard of Broken Dreams Green Day
67%
2016 Uptown Funk Mark Ronson
65%
2019 This is America Childish Gambino
63%
2004 Clocks Coldplay
61%
2015 Stay with Me Sam Smith
60%
2023 About Damn Time Lizzo
59%
1988 Graceland Paul Simon
56%
2001, 2002 Beautiful Day; Walk On U2
54%
1996 Kiss from a Rose Seal
52%
1969, 1971 Mrs. Robinson; Bridge over Troubled Water Simon & Garfunkel
52%
1972 It's Too Late Carole King
46%
1985 What's Love Got to Do with It Tina Turner
46%
1993, 1997 Tears in Heaven; Change the World Eric Clapton
43%
1967 Strangers in the Night Frank Sinatra
42%
2010 Use Somebody Kings of Leon
39%
2000 Smooth Santana
37%
1991 Another Day in Paradise Phil Collins
32%
1983 Rosanna Toto
30%
1989 Don't Worry, Be Happy Bobby McFerrin
28%
2011 Need You Now Lady Antebellum
28%
1990 Wind Beneath My Wings Bette Midler
25%
1973, 1974 The First Time Ever I Saw Your Face; Killing Me Softly with His Song Roberta Flack
24%
1995 All I Wanna Do Sheryl Crow
23%
1979 Just the Way You Are Billy Joel
22%
1982 Bette Davis Eyes Kim Carnes
21%
2003 Don't Know Why Norah Jones
19%
1992 Unforgettable Natalie Cole
18%
1987 Higher Love Steve Winwood
18%
1981 Sailing Christopher Cross
16%
1963 I Left My Heart in San Francisco Tony Bennett
16%
1980 What a Fool Believes The Doobie Brothers
15%
1959 Mack the Knife Bobby Darin
14%
1976 Love Will Keep Us Together Captain & Tennille
14%
2007 Not Ready to Make Nice Dixie Chicks
14%
1968, 1970 Aquarius/Let the Sunshine In; Up, Up and Away The 5th Dimension
11%
1965 The Girl from Ipanema Astrud Gilberto and Stan Getz
10%
1975 I Honestly Love You Olivia Newton-John
10%
1962, 1964 Moon River; Days of Wine and Roses Henry Mancini
8%
1998 Sunny Came Home Shawn Colvin
7%
2009 Please Read the Letter Alison Krauss and Robert Plant
6%
2005 Here We Go Again Ray Charles
6%
1977 This Masquerade George Benson
5%
1966 A Taste of Honey Herb Alpert and the Tijuana Brass
5%
1959 Volare Domenico Modugno
4%
1961 Theme from "A Summer Place" Percy Faith
4%
No matching quizzes found
Score Distribution
Percent of People with Each Score
Percentile by Number Answered
Your Score History
You have not taken this quiz since the last reset